000
00249nam a2200121Ia 4500
100
_a
Nagaratnam S
942
_c
BK
654
_a
Fluid
245
_a
Fluid mechanics
260
_b
Khanna publications
_c
1976
082
_a
532
_b
NAG
546
_a
ENGLISH
999
_c
28894
_d
28894